000 01877cam a22004934i 4500
003 PE-LiUPU
005 20250731173310.0
008 150616s r 000 0 d
020 _a8471514095
035 _a(Sirsi) i9788471514097
040 _aPE-LiUPU
_bspa
_cPE-LiUPU
_erda
049 _aPRUA
082 0 4 _b
_221
100 1 _aDrane, John,
_eautor.
245 1 3 _aLa vida de la primitiva iglesia.
264 1 _aNavarra :
_bEditorial Verbo Divino,
_c1987.
300 _a140 páginas :
_bilustraciones ;
_c24 centímetros
336 _atext
_2rdacontent
337 _aunmediated
_2rdamedia
338 _avolume
_2rdacarrier
505 0 _aFrente al mundo antiguo -- El Espíritu y la letra -- La iglesia y sus orígenes judíos -- Los enemigos interiores.
526 _aSEG42
526 _aSEG41
526 _aSEG40
526 _aSEG39
526 _aP94
526 _aP87
526 _aP86
526 _aP85
526 _aP77
526 _aP76
526 _aP35
650 0 4 _aIGLESIA PRIMITIVA - VIDA.
910 _ajck
_bjvq
_cjck
942 _2ddc
_cBOOK
949 _a281.1 D78
_wDEWEY
_c1
_i28489
_lCCODEBUL1
_mBUL
_r0
_sY
_tBOOK
_u2015-4-23
_xTEOLOGIA
_zUNKNOWN
_0COMPRA
_o.STAFF. Colección General
949 _a281.1 D78
_wDEWEY
_c2
_i28488
_lCCODEBUL1
_mBUL
_r0
_sY
_tBOOK
_u2015-4-23
_xTEOLOGIA
_zUNKNOWN
_0COMPRA
_o.STAFF. Colección General
994 _aC0
_bPEPRU
596 _a1
999 _a281.1 D78
_wDEWEY
_c45011
_i28489
_f2021-11-11
_g5
_lCCODEBUL1
_mBUL
_r0
_sY
_tBOOK
_u2015-4-23
_xTEOLOGIA
_zUNKNOWN
_0COMPRA
_o.STAFF. Colección General
_d45011
999 _a281.1 D78
_wDEWEY
_c2
_i28488
_d2018-4-29
_e2018-4-25
_f2021-11-11
_g5
_lCCODEBUL1
_mBUL
_n2
_r0
_sY
_tBOOK
_u2015-4-23
_xTEOLOGIA
_zUNKNOWN
_0COMPRA
_o.STAFF. Colección General
980 _81
_gALBERTO SANCHEZ Responsable de Automatización